Michajlo Fejsa

Bibliographic Details
Format: Article
Language:Ukrainian
PhysicalDescription:Fotogr.
ISBN:9788055506838
Subjects:

MARC

LEADER 00000nab a2200000 a 4500
001 vtls010538800
003 SK-MaSNL
005 20260426095015.0
008 130827c2011 xo wr p 000 c0ukr
015 |a SNBRA2013/08 
038 |a SVKPOCL 
040 |a SVKPOCL  |b slo  |c SVKPOCL  |e AACR2 
041 0 |a ukr 
044 |a xo  |c SK 
080 |a 81'1-051  |2 2001 
080 |a 316.022.4(=161.25)(497.11)  |2 2001 
080 |a 80(=16)+908(4)  |2 2001 
080 |a 378.011.3-051  |2 2001 
080 |a 929 Fejsa, Michajlo  |2 2001 
245 0 0 |a Michajlo Fejsa 
300 |b Fotogr. 
500 |a V rubrike Osnovnŷ informaciji o referujučich 
600 1 7 |a Fejsa, Michajlo,  |d 1957-  |2 svkpocl  |9 710866 
650 0 7 |a Rusíni  |z Srbsko  |2 svkpocl  |9 989031 
650 0 7 |a lingvisti  |2 svkpocl  |9 119182 
650 0 7 |a slavistika  |2 svkpocl  |9 4282 
650 0 7 |a vysokoškolskí učitelia  |2 svkpocl  |9 66590 
650 0 7 |a osobnosti  |2 svkpocl  |9 29820 
651 7 |a Kocur (Srbsko)  |2 svkpocl  |9 701540 
651 7 |a Nový Sad (Srbsko)  |2 snkbucl  |9 69894 
651 7 |a Ruski Krstur (Srbsko)  |2 svkpocl  |9 170101 
655 7 |a biografie  |2 svkpocl  |9 27965 
773 0 |a Koporová, Kvetoslava, 1964- (ed)  |t Studium Carpato-Ruthenorum 2012 : študiji z karpatorusynistikŷ  |d Prjašiv : Prjašivska univerzita v Prjašovi Inštitut rusyn'skoho jazŷka i kulturŷ, 2012  |g S. 58-59  |z 9788055506838 
852 |a SVKPO  |b KIS3GCP 
958 |a RN 
958 |a BC 
958 |a SK 
958 |a SS 
958 |a RS 
999 |c 3154163  |d 3156093